Logo BPK

Biblioteka

Politechniki Koszalińskiej

Audels Sheet Metal Workers Handy Book for Pattern Layout Men. By... / (Rekord nr 26801)

Szczegóły MARC
000 -ETYKIETA REKORDU
podpole kontrolne o stałej długości 00496nam a2200169 i 4500
001 - NUMER KONTROLNY REKORDU
pole kontrolne bg
040 ## - ŹRÓDŁO KATALOGOWANIA
Instytucja, która utworzyła rekord BPK
041 ## - KOD JĘZYKA
Kod języka tekstu pol
080 ## - UNIWERSALNA KLASYFIKACJA DZIESIĘTNA - UKD
UKD 621.751
008 - POLE O STAŁEJ DŁUGOŚCI - DANE KONTROLNE
podpole kontrolne o stałej długości s pl f |000 0 pol
100 1# - NAZWA OSOBOWA
Nazwa osobowa GRAHAM, Frank D.
245 #0 - TYTUŁ/ODPOWIEDZIALNOŚĆ
Tytuł Audels Sheet Metal Workers Handy Book for Pattern Layout Men. By... /
Pozostałe elementy strefy tytułu i oznaczenia odpowiedzialności Frank D. Graham, Edvin D. Anderson.
260 ## - STREFA ADRESU WYDAWNICZEGO
Miejsce wydania New York :
Nazwa wydawcy/dystrybutora Theo. Audel,
Data publikacji, dystrybucji/powstania dokumentu [1962].
300 ## - STREFA OPISU FIZYCZNEGO
Objętość s. nlb. 14, 397 :
Inne cechy fizyczne ilustr., tab.
700 1# - HASŁO DODATKOWE - NAZWA OSOBOWA
Nazwa osobowa ANDERSON, Edvin D.
856 ## - LOKALIZACJA I DOSTĘP DO ELEKTRONICZNYCH DOKUMENTÓW ZDALNYCH
Link (URL) http://koha.tu.koszalin.pl/cgi-bin/koha/opac-detail.pl?biblionumber=26801
Tekst linku Katalog online BPK
942 ## - DODATKOWE ELEMENTY (KOHA)
Typ dokumentu Książka
Egzemplarze
Wycofany Status egzemplarza Uszkodzony Dostępność Lokalizacja stała Lokalizacja bieżąca Miejsce przechowywania Sygnatura Kod kreskowy Ostatnio wypożyczono Typ dokumentu
      Dostępny Biblioteka Politechniki Koszalińskiej Biblioteka Politechniki Koszalińskiej Wypożyczalnia BG 18424 01719192 04.01.2016 Książka
© 2023 Biblioteka Politechniki Koszalińskiej :: KOHA